000 00455nam a22001931 4500
001 1220471
005 20180314091116.0
008 781003s1953 txua 000 0 eng
010 _a 52012854
040 _aDLC
_cDLC
_dDLC
041 _aeng
080 _a792.809 CON
082 0 0 _a792.809 CON
100 1 _a45
101 _aMUZ
245 1 0 _aThree centuries of ballet.
906 _a7
_bcbc
_corignew
_du
_eocip
_f19
_gy-gencatlg
942 _2ddc
_cBK
999 _c45036
_d45036